000 01810nam a2200349 c 4500
999 _c47949
_d47949
003 BLK
005 20200422130905.0
008 180408b bul|||||r ||||||| ||bul||
010 _aKNG00051764000
040 _aBLK
041 _aBUL
_cBUL
072 7 _2bullib
_aА
_xФонд Михаил Арнаудов
072 7 _2bullib
_aЯ
_xАвтографи
080 _aБългарска литература
_b821.163.2
_x.09
_z821.163.2.09
139 _aБългарско народно творчество
_bБ 92
245 1 0 _aБългарско народно творчество
_bСб. статии
_cред. Генчо Колев Керемидчиев; предг. от Петър Николов Динеков.
257 _aBGR
260 _bНар. просв.
_c1950
300 _a286 с.
_c18 см
380 _aX
490 _9396381
_aЧастна колекция - Академик Михаил Арнаудов
_gДарение - Основен фонд
500 _aФонд Михаил Арнаудов - Бележки по полетата ; Отбелязва мястото в книгата, където се критикува М. Арнаудов като представител на буржоазната фолклористика: с. 41-45 ; Автограф с текст: На др. проф. Мих. Арнаудов с най-добри чувства София, 24.Х.1950. Г. Керемидчиев. - Мека подв.
650 4 _aНародно творчество, българско
_9245232
659 _aА
659 _aЯ
700 1 _aКеремидчиев, Генчо Колев
_eред.
_9281750
700 1 _aДинеков, Петър Николов
_eпредг. от
_9363799
852 _aЦб 8.180.36106
852 _aМА 1934
_bМА
856 4 _qpdf
856 4 _qpdf
942 _cKNG
_n0
_s1
944 _aCR
_c18.01.2017
_kГеновева_Генчева
944 _aED
_c18.01.2017
_kГеновева_Генчева
999 _d47949